00294nam a2200109Ia 4500008004100000041001200041100001500053245006100068260003000129300000800159650001700167221030s9999 xx 000 0 und d aEnglish aM. S. Rana 0aWritings on Indian Constitution 1861-1972cby M. S. Rana bBeauty PrintaDelhic1973 a496 aConstitution